Los intelectuales y el poder en República Dominicana / (Registro nro. 13746)

Detalles MARC
000 -LEADER
fixed length control field 01902nam a2200361 a 4500
001 - CONTROL NUMBER
control field
003 - CONTROL NUMBER IDENTIFIER
control field OSt
005 - DATE AND TIME OF LATEST TRANSACTION
control field 20211001123858.0
008 - FIXED-LENGTH DATA ELEMENTS--GENERAL INFORMATION
fixed length control field 090908s2005 dr 001 0 spa d
020 ## - INTERNATIONAL STANDARD BOOK NUMBER
International Standard Book Number 9993467170
040 ## - CATALOGING SOURCE
Original cataloging agency DO-SdBNP
Language of cataloging spa
Transcribing agency BPMSU
082 ## - DEWEY DECIMAL CLASSIFICATION NUMBER
Classification number 305.552
Item number C719i 2005
Edition number 22
111 2# - MAIN ENTRY--MEETING NAME
Meeting name or jurisdiction name as entry element Coloquio "Los Intelectuales y el Poder"
Date of meeting (2003 : nov. 29 :
Location of meeting Santo Domingo, República Dominicana)
245 14 - TITLE STATEMENT
Title Los intelectuales y el poder en República Dominicana /
Statement of responsibility, etc. Rafael Toribio... [et. al] ; editor Guillermo Piña Contreras.
260 ## - PUBLICATION, DISTRIBUTION, ETC. (IMPRINT)
Place of publication, distribution, etc. Santo Domingo :
Name of publisher, distributor, etc. UNAPEC,
Date of publication, distribution, etc. 2005.
300 ## - PHYSICAL DESCRIPTION
Extent 170 p. ;
Dimensions 22 cm.
504 ## - BIBLIOGRAPHY, ETC. NOTE
Bibliography, etc Incluye referencias bibliográficas y notas al pie de las páginas.
505 ## - FORMATTED CONTENTS NOTE
Formatted contents note La situación de los intelectuales en República Dominicana 15 -- Los intelectuales y el poder : algunas reflexiones 21 -- Los intelectuales y el poder político en República Dominicana 43 -- De Wright Mills a Noberto Bobbio: la conducta intelectual 53 -- Una elección sin dudas : la ética como única acción 63 -- El necio de la crítica 89 -- Intelectuales y poder: elaboración desde la comunidad 99 -- La supervivencia de la mentalidad totalitaria en los intelectuales dominicanos 111
590 ## - LOCAL NOTE (RLIN)
Local note Inventariado, 2018/BT
650 #4 - SUBJECT ADDED ENTRY--TOPICAL TERM
Topical term or geographic name as entry element Élite (ciencias sociales)
General subdivision Congresos, conferencias, etc.
--
Geographic subdivision
650 #4 - SUBJECT ADDED ENTRY--TOPICAL TERM
Topical term or geographic name as entry element Intelectuales
General subdivision Poder (ciencias sociales)
Geographic subdivision República Dominicana
General subdivision Congresos, conferencias, etc
Source of heading or term
651 #4 - SUBJECT ADDED ENTRY--GEOGRAPHIC NAME
Geographic name República Dominicana
General subdivision Vida intelectual
-- Congresos, conferencias, etc.
700 1# - ADDED ENTRY--PERSONAL NAME
Personal name Pérez, Odalíz G.
700 1# - ADDED ENTRY--PERSONAL NAME
Personal name Lantigua, José Rafael,
Dates associated with a name 1949-
700 1# - ADDED ENTRY--PERSONAL NAME
Personal name Sang, Mu-Kien A.
Dates associated with a name 1955-
700 1# - ADDED ENTRY--PERSONAL NAME
Personal name Munnich, Fidel
700 1# - ADDED ENTRY--PERSONAL NAME
Personal name Antinoe Fiallo, José
700 1# - ADDED ENTRY--PERSONAL NAME
Personal name Núñez, Manuel
700 1# - ADDED ENTRY--PERSONAL NAME
Personal name Piña Contreras, Guillermo,
Relator term ed.
710 2# - ADDED ENTRY--CORPORATE NAME
Corporate name or jurisdiction name as entry element Universidad APEC (República Dominicana )
910 ## - USER-OPTION DATA (OCLC)
User-option data VMateo V.
942 ## - ADDED ENTRY ELEMENTS (KOHA)
Source of classification or shelving scheme Dewey Decimal Classification
Koha item type Libros
Existencias
Withdrawn status Lost status Source of classification or shelving scheme Damaged status Not for loan Collection code Home library Current library Date acquired Total Checkouts Full call number Barcode Date last seen Price effective from Koha item type Copy number Source of acquisition
    Dewey Decimal Classification     Colección Dominicana Biblioteca Pública Metropolitana Salomé Ureña Biblioteca Pública Metropolitana Salomé Ureña 10/01/2021   BPMSU CD 305.552 C719i 2005 BPMSU21100011 10/01/2021 10/01/2021 Libros    
    Dewey Decimal Classification     Colección Dominicana Biblioteca Pública Metropolitana Salomé Ureña Biblioteca Pública Metropolitana Salomé Ureña 10/01/2021   BPMSU CD 305.552 C719i 2005 BPMSU21100012 10/01/2021 10/01/2021 Libros e.2  
    Dewey Decimal Classification     Colección Dominicana Biblioteca Pública Metropolitana Salomé Ureña Biblioteca Pública Metropolitana Salomé Ureña 10/01/2021   BPMSU CD 305.552 C719i 2005 BPMSU21100013 10/01/2021 10/01/2021 Libros e.3 Compra